[Event "Niedersachsen-ch op"]
[Site "Verden"]
[Date "2016.01.04"]
[Round "4"]
[White "Schulz, Daniel"]
[Black "Guede, Klaus"]
[Result "1-0"]
[WhiteElo "1960"]
[BlackElo "1897"]
[PlyCount "83"]
[EventDate "2016.01.03"]
[EventType "swiss"]
[EventRounds "7"]
[EventCountry "GER"]
[SourceTitle "EXT 2018"]
[Source "ChessBase"]
[SourceDate "2017.10.13"]
[SourceVersion "1"]
[SourceVersionDate "2017.10.13"]
[SourceQuality "1"]

1. d4 Nf6 2. c4 c5 3. d5 b5 4. cxb5 a6 5. bxa6 Bxa6 6. Nc3 g6 7. Nf3 d6 8. g3 Bg7 9. Bg2 0-0 10. 0-0 Nbd7 11. Rb1 Nb6 12. b3 Ng4 13. Bd2 Bc8 14. h3 Ne5 15. Nxe5 Bxe5 16. Qc2 Bb7 17. Rfd1 Ra6 18. f4 Bd4+ 19. e3 Bg7 20. e4 Qa8 21. a4 c4 22. Be3 Rc8 23. Bd4 Bxd4+ 24. Rxd4 Rc7 25. Bf1 cxb3 26. Qxb3 Rxc3 27. Qxc3 Nxa4 28. Qd2 Ra7 29. Rdb4 Nc5 30. Bb5 Ra2 31. R1b2 Ra1+ 32. Kh2 Qa7 33. Qd4 Qa3 34. Be2 Qa8 35. Rxb7 Nxb7 36. Rxb7 Re1 37. Rb2 f5 38. exf5 Kf7 39. fxg6+ hxg6 40. Bg4 Kg8 41. Qc3 Rf1 42. Qc8+ 1-0

[Event "Niedersachsen-ch op"]
[Site "Verden"]
[Date "2016.01.03"]
[Round "2"]
[White "Poelig, Juergen"]
[Black "Guede, Klaus"]
[Result "1/2-1/2"]
[WhiteElo "1882"]
[BlackElo "1897"]
[PlyCount "75"]
[EventDate "2016.01.03"]
[EventType "swiss"]
[EventRounds "7"]
[EventCountry "GER"]
[SourceTitle "EXT 2018"]
[Source "ChessBase"]
[SourceDate "2017.10.13"]
[SourceVersion "1"]
[SourceVersionDate "2017.10.13"]
[SourceQuality "1"]

1. Nf3 d5 2. g3 c5 3. Bg2 Nf6 4. d3 Nc6 5. Nbd2 e5 6. e4 dxe4 7. dxe4 Be7 8. 0-0 0-0 9. c3 Bg4 10. h3 Bh5 11. Qe2 Qc7 12. Nc4 Nd7 13. Ne3 Rad8 14. Nd5 Bxf3 15. Qxf3 Qb8 16. Be3 b6 17. Rad1 Nf6 18. Rd2 Nxd5 19. exd5 Na5 20. b3 c4 21. b4 Nb7 22. h4 Rfe8 23. h5 Rd6 24. Bh3 Qd8 25. Qe4 g6 26. hxg6 hxg6 27. Qxc4 f5 28. Qe2 Kg7 29. c4 Bf6 30. Rc2 f4 31. Bc1 fxg3 32. fxg3 e4 33. Qe3 Rh8 34. Be6 Rxe6 35. Rxf6 Rxf6 36. Bb2 Kg8 37. Qd4 Qd6 38. Kg2 1/2-1/2

[Event "Niedersachsen-ch op-A"]
[Site "Verden"]
[Date "2015.01.04"]
[Round "6"]
[White "Guede, Klaus"]
[Black "Harms, Friedjof"]
[Result "0-1"]
[WhiteElo "1917"]
[BlackElo "1835"]
[PlyCount "116"]
[EventDate "2015.01.02"]
[EventType "swiss"]
[EventRounds "7"]
[EventCountry "GER"]
[SourceTitle "EXT 2018"]
[Source "ChessBase"]
[SourceDate "2017.10.13"]
[SourceVersion "1"]
[SourceVersionDate "2017.10.13"]
[SourceQuality "1"]

1. d4 Nf6 2. c4 c5 3. d5 b5 4. cxb5 a6 5. bxa6 g6 6. Nc3 Bxa6 7. Nf3 d6 8. g3 Bg7 9. Bg2 Nbd7 10. 0-0 Ng4 11. Qc2 0-0 12. Rd1 Nge5 13. Ng5 Qa5 14. Nge4 Rfb8 15. Nd2 Nc4 16. Nb3 Qb4 17. Rb1 Na3 18. bxa3 Qxc3 19. Qe4 Qe5 20. Kf1 Qxe4 21. Bxe4 Bc4 22. Bb2 Bxb2 23. Rxb2 Rxa3 24. Rdb1 Nf6 25. Nd2 Rxb2 26. Rxb2 Bxa2 27. Nb1 Bxb1 28. Bxb1 Ra1 29. Kg2 Nxd5 30. Rb8+ Kg7 31. Be4 Nc3 32. Bd3 Ra2 33. Kf3 Ra3 34. e3 Kf6 35. g4 d5 36. Bb5 Nxb5 37. Rxb5 Rc3 38. Kf4 Rc4+ 39. Kg3 e6 40. h4 Rc1 41. Rb7 c4 42. g5+ Kg7 43. Kf3 c3 44. Rc7 c2 45. Ke2 Rh1 46. Rxc2 Rxh4 47. Rc7 Rh5 48. f4 h6 49. gxh6+ Rxh6 50. Kf3 Rh3+ 51. Kf2 Rh5 52. Kg3 g5 53. Kg4 Kg6 54. Rc8 f5+ 55. Kg3 gxf4+ 56. Kxf4 Rh4+ 57. Kg3 Re4 58. Rc7 Rxe3+ 0-1

[Event "Niedersachsen-ch op-A"]
[Site "Verden"]
[Date "2014.01.02"]
[Round "1"]
[White "Schumacher, Klaus"]
[Black "Guede, Klaus"]
[Result "1/2-1/2"]
[WhiteElo "1843"]
[BlackElo "1914"]
[PlyCount "121"]
[EventDate "2014.01.02"]
[EventType "swiss"]
[EventRounds "7"]
[EventCountry "GER"]
[SourceTitle "EXT 2016"]
[Source "ChessBase"]
[SourceDate "2015.10.08"]
[SourceVersion "1"]
[SourceVersionDate "2015.10.08"]
[SourceQuality "1"]

1. c4 e5 2. g3 Nc6 3. Bg2 g6 4. Nc3 Bg7 5. e3 f5 6. Nge2 Nf6 7. 0-0 0-0 8. a3 a5 9. b3 d6 10. Bb2 Bd7 11. Nd5 Kh8 12. Qc2 Rb8 13. Rab1 Ne7 14. Nxf6 Bxf6 15. f4 Bc6 16. fxe5 dxe5 17. Bxc6 Nxc6 18. d4 exd4 19. Rbd1 Qe7 20. exd4 Rbe8 21. Rfe1 Qe3+ 22. Kg2 Qe4+ 23. Qxe4 Rxe4 24. Rd2 Rd8 25. Kf2 g5 26. h3 Kg7 27. d5 Bxb2 28. Rxb2 Ne5 29. Nc1 Rxe1 30. Kxe1 Re8 31. Re2 Kf6 32. Kf2 b6 33. Re3 f4 34. gxf4 gxf4 35. Re2 Kf5 36. b4 Rg8 37. c5 Rd8 38. Rd2 Nc4 39. Rd3 Ke4 40. d6 cxd6 41. c6 axb4 42. axb4 b5 43. Ke2 Rc8 44. Nb3 Rxc6 45. Rd4+ Ke5 46. Kf3 Nb6 47. Re4+ Kd5 48. Rd4+ Ke6 49. Re4+ Kd7 50. Nd4 Rc3+ 51. Kxf4 Nd5+ 52. Kg5 Rxh3 53. Nxb5 Rb3 54. Rd4 Nxb4 55. Rxd6+ Ke7 56. Rh6 Rg3+ 57. Kf4 Rg7 58. Nd4 Rf7+ 59. Kg5 Rg7+ 60. Kf5 Rf7+ 61. Kg5 1/2-1/2

[Event "Niedersachsen-ch op-A"]
[Site "Verden"]
[Date "2013.01.05"]
[Round "6"]
[White "Finke, Maurice"]
[Black "Guede, Klaus"]
[Result "1/2-1/2"]
[WhiteElo "1938"]
[BlackElo "1837"]
[PlyCount "66"]
[EventDate "2013.01.03"]
[EventType "swiss"]
[EventRounds "7"]
[EventCountry "GER"]
[SourceTitle "EXT 2014"]
[Source "ChessBase"]
[SourceDate "2013.11.20"]
[SourceVersion "1"]
[SourceVersionDate "2013.11.20"]
[SourceQuality "1"]

1. d4 Nf6 2. c4 c5 3. d5 b5 4. cxb5 a6 5. bxa6 Bxa6 6. Nc3 g6 7. g3 Bg7 8. Bg2 d6 9. Nf3 0-0 10. 0-0 Nbd7 11. Rb1 Qa5 12. Qc2 Rfb8 13. Bd2 Qc7 14. b3 Nb6 15. Ne1 Bb7 16. e4 Ba6 17. Nd3 Ng4 18. Rfc1 Bd4 19. Be1 Qa7 20. a4 Qd7 21. h3 Ne5 22. Nxe5 Bxe5 23. h4 Ra7 24. Bf1 Bxf1 25. Kxf1 Qh3+ 26. Kg1 Nd7 27. Ne2 Nf6 28. Qd3 Rab7 29. Qf3 Ng4 30. b4 Qh2+ 31. Kf1 Qh3+ 32. Kg1 cxb4 33. Rc4 Qh2+ 1/2-1/2

[Event "Niedersachsen-ch op-A"]
[Site "Verden"]
[Date "2013.01.05"]
[Round "5"]
[White "Guede, Klaus"]
[Black "Luebsen, Keno"]
[Result "1/2-1/2"]
[WhiteElo "1837"]
[BlackElo "1971"]
[PlyCount "107"]
[EventDate "2013.01.03"]
[EventType "swiss"]
[EventRounds "7"]
[EventCountry "GER"]
[SourceTitle "EXT 2014"]
[Source "ChessBase"]
[SourceDate "2013.11.20"]
[SourceVersion "1"]
[SourceVersionDate "2013.11.20"]
[SourceQuality "1"]

1. d4 d5 2. c4 c6 3. Nf3 Nf6 4. Nc3 dxc4 5. a4 Bf5 6. Ne5 Nbd7 7. Nxc4 Nb6 8. e3 Nxc4 9. Bxc4 e6 10. 0-0 Bd6 11. f3 Bg6 12. Qe1 0-0 13. Ne2 e5 14. dxe5 Bxe5 15. Ra3 Qc7 16. Kh1 Bd6 17. Ra1 Bf5 18. e4 Bd7 19. Bg5 Be5 20. Rb1 h6 21. Be3 Bd6 22. Rd1 Rad8 23. Qh4 Be7 24. Qf2 b6 25. Bf4 Qc8 26. Be3 Be6 27. Bd3 Bb3 28. Rd2 Bb4 29. Nc3 c5 30. Bc2 Bc4 31. Rfd1 Qb8 32. Qh4 Rxd2 33. Rxd2 Bxc3 34. bxc3 Qe5 35. Bf4 Qxc3 36. e5 Nd5 37. Bxh6 gxh6 38. Qg4+ Kh8 39. Qf5 Bd3 40. Qxd3 Qxd3 41. Bxd3 Nf4 42. Bc4 Ng6 43. e6 fxe6 44. Rd6 Rf4 45. Bb5 Nf8 46. Kg1 Rf7 47. Kf2 Kg7 48. Ke3 Kf6 49. f4 Ng6 50. Be8 Re7 51. Bc6 Rc7 52. Be4 Ke7 53. Rd2 Nf8 54. g4 1/2-1/2

[Event "Niedersachsen-ch op-A"]
[Site "Verden"]
[Date "2013.01.04"]
[Round "3"]
[White "Guede, Klaus"]
[Black "Dorn, Matthias"]
[Result "1-0"]
[WhiteElo "1837"]
[BlackElo "1916"]
[PlyCount "71"]
[EventDate "2013.01.03"]
[EventType "swiss"]
[EventRounds "7"]
[EventCountry "GER"]
[SourceTitle "EXT 2014"]
[Source "ChessBase"]
[SourceDate "2013.11.20"]
[SourceVersion "1"]
[SourceVersionDate "2013.11.20"]
[SourceQuality "1"]

1. d4 Nf6 2. c4 e6 3. Nc3 Bb4 4. e3 b6 5. Nge2 0-0 6. a3 Be7 7. d5 d6 8. Ng3 e5 9. Bd3 Nbd7 10. b4 g6 11. 0-0 Ne8 12. e4 Bg5 13. Qg4 Bxc1 14. Raxc1 Nc5 15. Qe2 Nb3 16. Rce1 Nd4 17. Qe3 c5 18. dxc6 Nxc6 19. Nd5 Be6 20. Qh6 Qd7 21. Qg5 f6 22. Qd2 Ng7 23. Bb1 Rac8 24. Rc1 Nd4 25. Rc3 b5 26. Ba2 Bxd5 27. exd5 bxc4 28. Rfc1 Rc7 29. Bxc4 Rfc8 30. Ne4 Ne8 31. Qa2 Qa4 32. Nc5 dxc5 33. d6+ Kg7 34. dxc7 Rxc7 35. Bf1 Nd6 36. Rxc5 1-0

[Event "Niedersachsen-ch op-B"]
[Site "Verden"]
[Date "2012.01.05"]
[Round "7"]
[White "Guede, Klaus"]
[Black "Stukenborg, Rudi"]
[Result "1-0"]
[WhiteElo "1855"]
[BlackElo "1851"]
[PlyCount "77"]
[EventDate "2012.01.02"]
[EventType "swiss"]
[EventRounds "7"]
[EventCountry "GER"]
[SourceTitle "EXT 2021"]
[Source "ChessBase"]
[SourceDate "2020.10.23"]
[SourceVersion "1"]
[SourceVersionDate "2020.10.23"]
[SourceQuality "1"]

1. d4 d5 2. c4 e6 3. Nc3 Nf6 4. Bg5 Nbd7 5. e3 Bb4 6. cxd5 exd5 7. Bd3 c5 8. Nge2 0-0 9. 0-0 h6 10. Bh4 Re8 11. Nxd5 Qa5 12. Nxf6+ Nxf6 13. Bxf6 gxf6 14. a3 Bd2 15. b4 Bxb4 16. axb4 Qxb4 17. Ra4 Qb6 18. Qa1 cxd4 19. Rxd4 Kg7 20. Nf4 Rg8 21. Be4 Kf8 22. Qa3+ Kg7 23. Rd6 Qb5 24. Nd5 Be6 25. Qa1 Bxd5 26. Bxd5 Kf8 27. Qxf6 Qe8 28. Rd1 Rg7 29. Bc4 Rxg2+ 30. Kxg2 Qe4+ 31. Kg3 Qg6+ 32. Qxg6 fxg6 33. Rxg6 Ke7 34. Rxh6 a5 35. Rh7+ Kf6 36. Rxb7 a4 37. Rdd7 a3 38. Rd6+ Ke5 39. Re6+ 1-0

[Event "Niedersachsen-ch op"]
[Site "Verden"]
[Date "2011.01.04"]
[Round "5"]
[White "Guede, Klaus"]
[Black "Braun, Alexander"]
[Result "1/2-1/2"]
[WhiteElo "1848"]
[BlackElo "1646"]
[PlyCount "47"]
[EventDate "2011.01.02"]
[EventType "swiss"]
[EventRounds "7"]
[EventCountry "GER"]
[SourceTitle "EXT 2018"]
[Source "ChessBase"]
[SourceDate "2017.10.13"]
[SourceVersion "1"]
[SourceVersionDate "2017.10.13"]
[SourceQuality "1"]

1. d4 Nf6 2. c4 g6 3. Nc3 Bg7 4. e4 d6 5. f4 c5 6. d5 0-0 7. Nf3 e6 8. Be2 exd5 9. cxd5 Bg4 10. 0-0 Re8 11. h3 Bxf3 12. Bxf3 a6 13. a4 Nbd7 14. Re1 b6 15. Be3 Rb8 16. Qd3 b5 17. axb5 axb5 18. Nxb5 Qb6 19. Nxd6 Qxd6 20. Ra6 Rb3 21. Qc4 Rb4 22. e5 Rxc4 23. Rxd6 Bf8 24. Rxf6 1/2-1/2

[Event "Niedersachsen-ch open"]
[Site "Verden"]
[Date "2010.01.04"]
[Round "4.22"]
[White "Guede, Klaus"]
[Black "Davydov, Mihail"]
[Result "1/2-1/2"]
[WhiteElo "1764"]
[BlackElo "2061"]
[PlyCount "86"]
[EventDate "2010.01.03"]
[EventType "swiss"]
[EventRounds "7"]
[EventCountry "GER"]
[SourceTitle "EXT 2012"]
[Source "ChessBase"]
[SourceDate "2011.11.24"]
[SourceVersion "1"]
[SourceVersionDate "2011.11.24"]
[SourceQuality "1"]

1. d4 Nf6 2. c4 g6 3. Nc3 d5 4. cxd5 Nxd5 5. e4 Nxc3 6. bxc3 Bg7 7. Bc4 c5 8. Be3 Nc6 9. Ne2 cxd4 10. cxd4 0-0 11. Rc1 Na5 12. Bd3 b6 13. h4 h5 14. Qd2 Bd7 15. Bh6 Rc8 16. 0-0 e6 17. Bg5 Bf6 18. Ba6 Rc6 19. Bd3 Qe7 20. d5 Rxc1 21. Rxc1 Rc8 22. dxe6 Rxc1+ 23. Qxc1 Bxe6 24. Nc3 Bxg5 25. Qxg5 Qxg5 26. hxg5 Kf8 27. f4 Ke7 28. f5 Bc4 29. Nd5+ Bxd5 30. exd5 gxf5 31. Bxf5 Kd6 32. g6 fxg6 33. Bxg6 h4 34. Bf7 Nc4 35. Kf2 b5 36. Be6 b4 37. Kf3 Ke5 38. Kg4 Ne3+ 39. Kxh4 Nxg2+ 40. Kg3 a5 41. Kxg2 a4 42. Bg8 b3 43. axb3 axb3 1/2-1/2

[Event "Niedersachsen-ch op"]
[Site "Verden"]
[Date "2009.01.03"]
[Round "1"]
[White "Frank, Christian"]
[Black "Guede, Klaus"]
[Result "1-0"]
[WhiteElo "1936"]
[BlackElo "1738"]
[PlyCount "82"]
[EventDate "2009.01.03"]
[EventType "swiss"]
[EventRounds "7"]
[EventCountry "GER"]
[SourceTitle "EXT 2012"]
[Source "ChessBase"]
[SourceDate "2011.11.24"]
[SourceVersion "1"]
[SourceVersionDate "2011.11.24"]
[SourceQuality "1"]

1. d4 Nf6 2. c4 c5 3. d5 b5 4. cxb5 a6 5. bxa6 Bxa6 6. Nc3 g6 7. Nf3 Bg7 8. g3 0-0 9. Bg2 d6 10. 0-0 Nbd7 11. Rb1 Qa5 12. Bd2 Rfb8 13. Qc2 Ng4 14. Rfe1 Rb7 15. a4 Qb6 16. h3 Nge5 17. Nxe5 Nxe5 18. b3 Rab8 19. Na2 Rc7 20. Qe4 Bc8 21. Qc2 Bf5 22. e4 Bc8 23. Be3 Qa5 24. f4 Nd7 25. Rec1 Rbb7 26. Nc3 Bd4 27. Qd3 Bxe3+ 28. Qxe3 Rb4 29. Nb5 Rb7 30. e5 R7xb5 31. axb5 dxe5 32. fxe5 Qxb5 33. e6 Nf6 34. Rxc5 Qb8 35. Qc3 Ba6 36. Rc6 Rb6 37. Qc5 Rxc6 38. dxc6 Qxg3 39. c7 Bc8 40. Qxe7 Qe3+ 41. Kh1 Bxe6 1-0

[Event "Niedersachsen-ch op"]
[Site "Verden"]
[Date "2009.01.03"]
[Round "2"]
[White "Guede, Klaus"]
[Black "Oberbacher, Michael"]
[Result "1-0"]
[WhiteElo "1738"]
[BlackElo "1225"]
[PlyCount "105"]
[EventDate "2009.01.03"]
[EventType "swiss"]
[EventRounds "7"]
[EventCountry "GER"]
[SourceTitle "EXT 2012"]
[Source "ChessBase"]
[SourceDate "2011.11.24"]
[SourceVersion "1"]
[SourceVersionDate "2011.11.24"]
[SourceQuality "1"]

1. d4 e5 2. d5 Nf6 3. c4 d6 4. Nc3 Be7 5. e4 0-0 6. Bd3 Na6 7. Nge2 Nc5 8. Bc2 b6 9. 0-0 Bg4 10. h3 Bh5 11. b4 Nb7 12. a3 Qc8 13. f3 Bg6 14. Rb1 Nh5 15. f4 exf4 16. Nxf4 Nxf4 17. Bxf4 Bf6 18. Qf3 a5 19. Ne2 axb4 20. axb4 Be7 21. Nd4 Bf6 22. Nc6 Nd8 23. b5 Nxc6 24. bxc6 Qa6 25. Qb3 Bd4+ 26. Kh1 Rfe8 27. Rfe1 Qc8 28. Rbd1 Bf6 29. Rd2 Ra1 30. Rxa1 Bxa1 31. Qb1 Bf6 32. Bd3 Qd8 33. Ra2 Qb8 34. Ra3 Be5 35. Bd2 h6 36. Kg1 Bd4+ 37. Kh1 Be5 38. Qa2 Kh7 39. Ra7 Bd4 40. Rb7 Qa8 41. Qb1 Re7 42. h4 Qa1 43. Kh2 h5 44. Qxa1 Bxa1 45. Bf4 Bxe4 46. Bxd6 Be5+ 47. Bxe5 Rxe5 48. Bxe4+ Rxe4 49. Rxc7 Rxh4+ 50. Kg3 Rg4+ 51. Kf3 Rxc4 52. d6 Rc3+ 53. Ke4 1-0

[Event "Niedersachsen-ch"]
[Site "Verden"]
[Date "2008.01.03"]
[Round "1"]
[White "Oehne, Timo"]
[Black "Guede, Klaus"]
[Result "0-1"]
[WhiteElo "877"]
[BlackElo "1704"]
[PlyCount "54"]
[EventDate "2008.01.03"]
[EventType "swiss"]
[EventRounds "7"]
[EventCountry "GER"]
[SourceTitle "EXT 2010"]
[Source "ChessBase"]
[SourceDate "2010.11.25"]
[SourceVersion "1"]
[SourceVersionDate "2010.11.25"]
[SourceQuality "1"]

1. e4 Nf6 2. Nc3 d6 3. Nf3 e5 4. Be2 Be7 5. d3 0-0 6. Be3 Ng4 7. Qd2 f5 8. Bg5 Nf6 9. 0-0-0 c6 10. Rdg1 b5 11. h3 Qa5 12. a3 Na6 13. Nh4 b4 14. Na2 fxe4 15. Nxb4 Nxb4 16. Qxb4 Qxb4 17. axb4 exd3 18. Bxd3 Nd5 19. Bxe7 Nxe7 20. Rf1 Rf4 21. g3 Rxb4 22. Re1 Rab8 23. b3 c5 24. Kd2 Bb7 25. Rhf1 Rd4 26. f4 e4 27. Kc3 Nd5+ 0-1

[Event "Niedersachsen-ch op"]
[Site "Verden"]
[Date "2007.01.05"]
[Round "3"]
[White "Kaphle, Sebastian"]
[Black "Guede, Klaus"]
[Result "1-0"]
[WhiteElo "2028"]
[BlackElo "1668"]
[PlyCount "35"]
[EventDate "2007.01.04"]
[EventType "swiss"]
[EventRounds "7"]
[EventCountry "GER"]
[SourceTitle "EXT 2021"]
[Source "ChessBase"]
[SourceDate "2020.10.23"]
[SourceVersion "1"]
[SourceVersionDate "2020.10.23"]
[SourceQuality "1"]

1. e4 Nf6 2. e5 Nd5 3. d4 d6 4. c4 Nb6 5. exd6 exd6 6. Nc3 Be7 7. h3 0-0 8. Nf3 Nc6 9. Be3 Bf5 10. Rc1 d5 11. c5 Nc8 12. Qb3 Bf6 13. Nxd5 Bxd4 14. Nxd4 Nxd4 15. Bxd4 Be6 16. Bc4 c6 17. Qg3 f6 18. Nxf6+ 1-0

[Event "Niedersachsen-ch"]
[Site "Verden"]
[Date "2006.01.05"]
[Round "2"]
[White "Hilgendorff, Ian"]
[Black "Guede, Klaus"]
[Result "1-0"]
[WhiteElo "1259"]
[BlackElo "1674"]
[PlyCount "55"]
[EventDate "2006.01.??"]
[EventType "swiss"]
[EventRounds "7"]
[EventCountry "GER"]
[SourceTitle "CBM 110 Extra"]
[Source "ChessBase"]
[SourceDate "2006.03.10"]
[SourceVersion "2"]
[SourceVersionDate "2006.03.10"]
[SourceQuality "1"]

1. e4 Nf6 2. Nc3 d5 3. exd5 Nxd5 4. Nxd5 Qxd5 5. d4 Nc6 6. Nf3 Bg4 7. Be2 0-0-0 8. Be3 e6 9. 0-0 Qd7 10. c3 Bd6 11. b4 Kb8 12. a4 h5 13. a5 Ne7 14. b5 Nd5 15. c4 Nc3 16. Qc2 Nxe2+ 17. Qxe2 c6 18. Rfb1 Ka8 19. c5 Bb8 20. bxc6 Qxc6 21. a6 bxa6 22. Rxa6 Bxf3 23. gxf3 Qc8 24. c6 Rd5 25. Rb7 Rd6 26. Raxa7+ Bxa7 27. Qa6 Qb8 28. Rxb8+ 1-0